000 00279nam a22001337a 4500
008 181012b xxu||||| |||| 00| 0 eng d
020 _a0670804835
041 _aeng
080 _a941
100 _a17
101 _aHIS
245 _aWorks of Man
_cClark, R.W
942 _2udc
_cBK
999 _c49538
_d49538